El hombre y el amor /

Guardado en:
Autor Principal: Géraldy, Paul.
Formato: Libro
Idioma:Undetermined
Publicado: Buenos Aires : Argos, 1947.
Materias:
Etiquetas: Agregar Etiqueta
Sin Etiquetas, Sea el primero en etiquetar este registro!
LEADER 00438nam a22001455a 4500
001 EHU.bham048621
005 20111013173155.0
008 111013s1947####ag############000#0#und#d
100 1 |a Géraldy, Paul. 
245 0 0 |a El hombre y el amor /  |c Paul Géraldy. 
260 |a Buenos Aires :  |b Argos,  |c 1947. 
300 |a 42 p. 
653 |a Literatura 
653 |a Escritores franceses 
859 |a AR-BHAM  |b BIB. HUMANIDADES - Donacion Lejarraga  |h MFN002840  |p 002840.19